Como aprovechar el tiempo: normas prácticas relativas al uso eficaz (Registro nro. 1267)

Detalles MARC
000 -Cabecera
Campo de control de longitud fija 00959aam a2200337 4500
005 - Fecha y hora de la última transacción
Campo de control 20251119101558.0
008 - Elementos de longitud fija--Información general
Campo de control de longitud fija 150610b1988 xxu||||| |||| 00| 0 spa d
020 ## - International Standard Book Number
Número Internacional Estándar del Libro (ISBN) 9682425441
041 ## - Idioma
Código de idioma Español
082 ## - Clasificación Decimal Dewey
Número de clasificación 650.11 EN58c
100 ## - Entrada principal--Autor personal
Nombre personal Engstrom, Ted W
9 (RLIN) 24717
245 ## - Título propiamente dicho
Título Como aprovechar el tiempo: normas prácticas relativas al uso eficaz
260 ## - Pie de imprenta
Lugar de publicación, distribución, etc. Costa Rica
260 ## - Pie de imprenta
Nombre del editor, distribuidor, etc. Trillas
260 ## - Pie de imprenta
Fecha de publicación, distribución, etc. 1988
300 ## - Descripción física
Extensión 162 páginas
490 ## - Serie
Título de la Serie Dirección y Administración de Empresas
490 ## - Serie
Título de la Serie Secretariado Ejecutivo
650 ## - Materia general
Temática (materia general) MANEJO DEL TIEMPO
650 ## - Materia general
Temática (materia general) DIRECCIÓN
650 ## - Materia general
Temática (materia general) ORGANIZACIÓN
650 ## - Materia general
Temática (materia general) RESPONSABILIDADES Y AUTORIDADES
650 ## - Materia general
Temática (materia general) ADMINISTRANDO A LOS DEMÁS
650 ## - Materia general
Temática (materia general) MEDICIÓN DE LA PRODUCCIÓN
650 ## - Materia general
Temática (materia general) CUMPLIMIENTO DE TAREAS
650 ## - Materia general
Temática (materia general) EVALUACIÓN DEL RENDIMIENTO
650 ## - Materia general
Temática (materia general) CONTROL DEL TIEMPO
650 ## - Materia general
Temática (materia general) MANEJO DEL TIEMPO
650 ## - Materia general
Temática (materia general) TRABAJO
942 ## - Punto de acceso adicional KOHA
Tipo de ítem KOHA Libro
Fuente del sistema de clasificación o colocación Dewey Decimal Classification
Existencias
Signatura completa Código de barras Programa Académico Tipo de ítem
650.11 EN58C 10218   Libro
650.11 EN58C 10219   Libro
650.11 EN58C 10220   Libro
650.11 EN58C 10221   Libro